Arte Moderna a Torino : (Record no. 7326)

000 -CABECERA
fixed length control field 01086nam a22002417a 4500
003 - IDENTIFICADOR DEL NÚMERO DE CONTROL
control field AR-CdUCM
008 - DATOS DE LONGITUD FIJA--INFORMACIÓN GENERAL
fixed length control field 190320b ||||| |||| 00| 0 ita d
020 ## - NÚMERO INTERNACIONAL ESTÁNDAR DEL LIBRO
ISBN 88-422-0072-7
040 ## - FUENTE DE LA CATALOGACIÓN
Agencia/entidad que catalogó originalmente la obra MUNICIPALIDAD PROVINCIAL DEL CUSCO
Entidad que transcribió la catalogación BIBLIOTECA MUNICIPAL DEL CUSCO
082 ## - NÚMERO DE LA CLASIFICACIÓN DECIMAL DEWEY
No. de Clasificación 709 /
Notacion interna A47
110 ## - ENTRADA PRINCIPAL--NOMBRE DE ENTIDAD CORPORATIVA
Nombre de la institución, jurisdicción como entrada principal Fondazione Guido Ed Ettore de Fornaris
9 (RLIN) 20608
245 ## - MENCIÓN DE TÍTULO
Título Arte Moderna a Torino :
Resto del título Opere d'arte e documenti acquisiti per la galleria civica d'arte moderna e contemporanea di torino 1986-1992 /
260 ## - PUBLICACIÓN, DISTRIBUCIÓN, ETC.
Lugar de publicación, distribución, etc. Milán :
Nombre de la editorial, distribuidor, etc. Umberto Allemandi & C.
Fecha de publicación, distribución, etc. 1993.
300 ## - DESCRIPCIÓN FÍSICA
Nº de Páginas Extensión 501 páginas ;
Otros detalles físicos Ilustraciones en color,
Dimensiones 31 cm.
505 ## - NOTA DE CONTENIDO CON FORMATO
Nota de contenido formateada Contenido : Rosanna Maggio Serra: Fondacione De Fornaris secondo lustro -- Tavole -- Inventario delle opere acquisite -- Marco Rosci -- Opere della collezione di Pietro Baldassare Ferrero acquistate dalla Fondacione De Fornaris nell'anno 1986...
650 ## - PUNTO DE ACCESO ADICIONAL DE MATERIA--TÉRMINO DE MATERIA
Descriptor Arte Italiano
9 (RLIN) 20609
650 ## - PUNTO DE ACCESO ADICIONAL DE MATERIA--TÉRMINO DE MATERIA
Descriptor Pintura
9 (RLIN) 3081
650 ## - PUNTO DE ACCESO ADICIONAL DE MATERIA--TÉRMINO DE MATERIA
Descriptor Oleo
9 (RLIN) 15938
650 ## - PUNTO DE ACCESO ADICIONAL DE MATERIA--TÉRMINO DE MATERIA
Descriptor Escultura
9 (RLIN) 13152
700 ## - PUNTO DE ACCESO ADICIONAL--NOMBRE DE PERSONA
Nombre Personal Rosanna Maggio Serra
9 (RLIN) 20650
942 ## - ELEMENTOS DE PUNTO DE ACCESO ADICIONAL (KOHA)
Fuente de clasificación
Tipo de item Libros-BMC
945 ## - PROCESAMIENTO DE INFORMACIÓN LOCAL (OCLC)
Catalogador dmma
Holdings
Estado de retiro (separado) Fuente de clasificación o esquema de estanterías Estado dañado Ubicación Sala donde se ubica Nombre de la colección Fecha de adquisición o compra Costo, precio normal en soles Signatura topográfica Código de Barras Última vez visto (Koha) Tipo de ítem (Koha)
No     Sala Artes Sala Artes Book Cart 2019-03-20 70.00 709 / A47 / t.2 SA0000000363 2019-03-20 Libros-BMC

Powered by Koha